| 000 | 01202nam0a22002771 4500 | ||
|---|---|---|---|
| 001 | rc\408037 | ||
| 005 | 20250621074322.0 | ||
| 035 | _a(NLR Aleph) 005656224 | ||
| 090 |
_a6824613 _c6824613 |
||
| 100 | _a20030616d1988 |||y0rusy50 ca | ||
| 101 | 0 | _arus | |
| 102 | _aRU | ||
| 105 | _aa ||||||||| | ||
| 200 | 1 |
_aЛесозадерживающие сооружения _eУчеб. пособие _fМ-во лесн. пром-сти СССР. Гл. упр. кадров и социал. развития, Всесоюз. ин-т повышения квалификации руководящих работников и специалистов лесн. пром-сти. Краснояр. фил. |
|
| 210 |
_aМ. _cВИПКлеспром _d1988 |
||
| 215 |
_a35 с. _cил. _d20 |
||
| 300 | _aНа обороте тит. л. авт.: Алексеев В.Г., Друк, Б.Г., кандидаты техн. наук | ||
| 300 | _aНа обл. авт. не указаны | ||
| 320 | _aБиблиогр.: с. 34 | ||
| 700 | 1 |
_aАлексеев _bВ.Г. |
|
| 701 | 1 |
_aДрук _bБ.Г. |
|
| 801 | 0 |
_aRU _bNLR _gpsbo |
|
| 801 | 1 |
_aRU _bELAR _2rusmarc |
|
| 852 |
_aNLR _j89-4/12395 |
||
| 942 | _cBOOK | ||
| 980 | _aNB | ||